La casa y el ladrillo / (Registro nro. 8684)

Detalles MARC
000 -LIDER
fixed length control field 00746nam a22002537a 4500
001 - NÚMERO DE CONTROL
Identificador de número de control 0121
003 - IDENTIFICACDOR DE NÚMERO DE CONTROL
control field DO-SdBNP
005 - DATE AND TIME OF LATEST TRANSACTION
control field 20230515103036.0
007 - CAMPOS FIJOS DE DESCRIPCIÓN FÍSICA
fixed length control field 0121
008 - ELEMENTOS DE LONGITUD FIJA
fixed length control field 151005b2000 ag 00| 0 spa d
020 ## - ISBN
International Standard Book Number 9500718219
040 ## - FUENTE DE CATALOGACIÓN
Agencia que crea de manera original el registro BPMSU
Idioma de catalogación spa
Agencia que realiza la transcripción BPMSU
082 #4 - NÚMERO DE CLASIFICACIÓN DECIMAL DE DEWEY
Classification number U861.44
Item number B462c 2000
Edition number 22
100 1# - ASIENTO PRINCIPAL -- NOMBRE PERSONAL
Nombre personal Benedetti, Mario
Fechas asociadas con el nombre 1920-2009
9 (RLIN) 42
245 13 - MENCIÓN DE TITULO
Título La casa y el ladrillo /
Mención de responsabilidad Mario Benedetti
260 ## - PUBLICACIÓN, DISTRIBUCIÓN, ETC. (PIE DE IMPRENTA)
Lugar de publicación, distribución, etc Buenos Aires, Argentina :
Nombre del editor, distribuidor, etc. Editorial Sudamericana,
Fecha de publicación, distribución, etc 2000.
300 ## - DESCRIPCIÓN FÍSICA
Extensión 153 p. :
Dimensiones 18 cm.
490 0# - MENCIÓN DE SERIES
Mención de serie Biblioteca Mario Benedetti
590 ## - NOTA LOCAL
Texto de la nota local Inventariado, 2023/VM
650 #4 - ENCABEZAMIENTO DE MATERIA--TEMÁTICO
Término temático o nombre geográfico como elemento de entrada Poesía uruguaya
Subdivisión de forma Colecciones
650 #4 - ENCABEZAMIENTO DE MATERIA--TEMÁTICO
Término temático o nombre geográfico como elemento de entrada Literatura uruguaya
910 ## - VALIDACIÓN
Validación YLockward/ VMateo V. Control de calidad (BPMSU)
942 ## - ADDED ENTRY ELEMENTS (KOHA)
Source of classification or shelving scheme Dewey Decimal Classification
Koha item type Libros
Existencias
Withdrawn status Lost status Source of classification or shelving scheme Damaged status Not for loan Collection code Home library Current library Date acquired Source of acquisition Full call number Barcode Date last seen Price effective from Koha item type
    Dewey Decimal Classification     Colección General Biblioteca Pública Metropolitana Salomé Ureña Biblioteca Pública Metropolitana Salomé Ureña 11/12/2015 Donado Fundación Economía y Desarrollo BPMSU CG U861.44 B462c 2000 BPMSU15110235 11/12/2015 11/12/2015 Libros